Paroles de 19h26 - La Mort du disque - Casseurs Flowters - Statistiques

Statistiques générales
  • Ce quiz a été pris 154 fois
  • Le résultat moyen est 376 sur 549
Statistiques - réponses
Paroles % Correct
c'
100%
d'
100%
t'
100%
l'
97%
L'
97%
à
96%
de
96%
j'
96%
J'
96%
m'
96%
On
96%
on
96%
s'
96%
la
95%
le
95%
ton
95%
Ton
95%
va
93%
CD
92%
te
89%
en
88%
est
88%
Est-
88%
est-
88%
et
88%
Et
88%
ma
88%
ce
86%
des
86%
Des
86%
qu'
86%
tu
86%
Tu
86%
dans
85%
du
85%
Du
85%
ta
85%
Ta
85%
il
84%
Il
84%
ça
82%
disque
82%
un
82%
avec
81%
que
81%
sa
81%
son
81%
violer
81%
les
79%
lui
77%
merde
77%
une
75%
Une
75%
une,
75%
bite
74%
gueule
74%
peau
74%
rondelle
74%
brûle
73%
sur
73%
sûr
73%
fais
71%
vais
71%
notre
70%
par
70%
album
68%
cet
67%
comme
67%
foutu
67%
nul
66%
enculé
64%
faire
64%
mets
64%
péter
64%
mon
63%
Bâtard
62%
peu
62%
voir
62%
Comment
60%
comment
60%
Ah
59%
Doc
59%
fait
59%
Pas
59%
pas
59%
tête
59%
brûler
58%
bus
58%
chier
58%
face
58%
moi
58%
Moi
58%
tracklist
58%
Attends
56%
attends
56%
boîte
56%
patates
56%
pense
56%
peux
56%
cassette
55%
enfile
55%
jaquette
55%
sais
55%
veux
55%
fils
53%
lecteur
53%
pendant
53%
rien
53%
tapette
53%
verre
53%
buter
52%
fume
52%
mettrai
52%
pilé
52%
pute,
52%
gommage
51%
Empêche
49%
mange
49%
pointard
49%
pourquoi
49%
Pourquoi
49%
sale
49%
ses
49%
tour-
49%
batte
48%
dur
48%
frisbee
48%
Orel'
48%
vomis
48%
contre
47%
illégalement
47%
joli
47%
voiture
47%
bouger
45%
pages
45%
pleuvoir
45%
sniffer
45%
télécharge
45%
ai
44%
arrache
44%
automne
44%
citrons
44%
dessus
44%
Martens
44%
mur
44%
sauter
44%
besoin
42%
cogner
42%
pochette
42%
savoir
42%
atomique
41%
bombe
41%
Non
41%
non
41%
rentrer
41%
torturer
41%
claquettes
40%
écouter
40%
pain
40%
prêter
40%
roues
40%
crasher
38%
doigts
38%
éplucher
38%
graphiste
38%
lance
38%
Parce
38%
sous
38%
tartine
37%
tronche
37%
coquées
36%
danser
36%
elle
36%
salope
36%
cendres
34%
coup
34%
Donne-
34%
car'
33%
envie
33%
mais
33%
Mais
33%
râper
33%
attacher
32%
dents
32%
entraîne
32%
l'faire
30%
doucement
29%
Doucement
29%
piste
29%
Fallope
27%
trompes
27%
vivant
27%
après
26%
chaque
26%
concert
26%
finit
26%
maquette
26%
voler
26%
branche
25%
couper
25%
wow
25%
blanches
23%
emportes
23%
quoi
23%
effacer
22%
Van
22%
vient
22%
cette
19%
coude
18%
ramener
18%
studio
18%
toi
18%
Gogh
16%
tons-
16%
dire
15%
Gringe
15%
vous
15%
avorte
11%
descendance
11%
était
11%
planter
11%
putain
11%
entre
10%
étais
10%
roller
10%
faisait
8%
allais
7%
Blancs
7%
époque
7%
potes
7%
trucs
7%
ados
5%
Cergy
5%
débiles
5%
encore
5%
escalade
5%
Franck
5%
Olivier
5%
ouais
5%
ski
5%
Alençon
4%
aussi
4%
Clément
4%
connaissait
4%
traînait
4%
faisiez
3%
j'kiffais
3%
Bah
1%
roh
1%
Aucun quiz correspondant
Distribution des résultats
% des personnes avec chaque résultat
Percentile par nombre de réponses
Votre historique - résultats
Vous n’avez pas pris ce quiz